Sobre Game Of Thrones - Statistics

Estatísticas Gerais
  • Esse quiz foi jogado 297 vezes
  • A pontuação média é 24 de 61
Estatísticas das Respostas
% Correto
Westeros
94%
Stark
92%
Lannister
88%
Essos
87%
Baratheon
82%
Targaryen
82%
Winterfell
76%
Tyrell
73%
Drogon
70%
Fantasma
69%
Tully
68%
Greyjoy
67%
Martell
67%
Arryn
64%
Porto Real
64%
Lady
57%
Nymeria
54%
Verão
54%
Viserion
52%
Mãe
46%
Pai
40%
Jardim de Cima
39%
Rhaegal
39%
Vento Cinzento
39%
Cão Felpudo
38%
Gelo
38%
Guerreiro
37%
Bravos
36%
Ferreiro
35%
Agulha
33%
Estranho
31%
Pedra do Dragão
31%
Lançassolar
30%
Correrio
29%
Lannisporto
29%
Ponta Tempestade
29%
Pentos
28%
Pyke
28%
Cumpridora de Promessas
27%
Donzela
27%
Vilavelha
26%
Qarth
25%
Velha
25%
Garra Longa
22%
Lys
22%
Ninho da Águia
22%
Lamento da Viúva
21%
Meereen
20%
Myr
20%
Astapor
19%
Volantis
19%
Yunkai
17%
Tyrosh
13%
Norvos
8%
Qohor
8%
Alvorada
6%
Dente de Leão
6%
Lorath
6%
Veneno do Coração
6%
Luminífera
4%
Devoradora de Corações
3%
Nenhum quiz correspondente encontrado
Distribuição das Pontuações
Porcentagem de Pessoas com Cada Pontuação
Percentil de Números Respondidos
Sua Pontuação Histórica
Você não jogou esse quiz